• 首页
  • 本馆介绍
  • 公告通知
  • 最新文献
  • 馆藏检索
  • 电子资源
  • 读者导购
  • 参考咨询
  • 我的图书馆
  • 登录
  • 详细信息显示
  • 放入我的书架
  • 预约/预借图书
  • 作者相关作品
  • 分类相关作品
  • 丛书相关作品
  • 出版社相关作品

书目信息

  • 表格格式
  • 工作单格式
  • 卡片格式
题名:
功能性食品学
    
 
作者: 张小莺 , 孙建国 , 陈启和 主编
分册:  
出版信息: 北京   科学出版社  2017.07
页数: 422页
开本: 26cm
丛书名:
单 册:
中图分类: TS218
科图分类:
主题词: 疗效食品--高等学校--教材
电子资源:
ISBN: 978-7-03-053951-9
000 01149nam0 2200277 450
001 3819
005 20181009100404.62
010    @a978-7-03-053951-9@dCNY48.00
100    @a20171116d2017 em y0chiy50 ea
101 0  @achi
102    @aCN@b110000
105    @ay az 000yy
200 1  @a功能性食品学@9gong neng xing shi pin xue@f张小莺,孙建国,陈启和主编
205    @a2版
210    @a北京@c科学出版社@d2017.07
215    @a422页@d26cm
300    @a食品科学与工程系列教材 普通高等教育“十三五”规划教材
320    @a有书目
330    @a《功能性食品学》分为三大模块:1)食品源生物活性成分介绍;2)功能性食品各论,即以人体八大系统为纲领,以功能性食品的不同保健功能为节点,阐述功能性食品作用的医学背景、主要功能性元素与来源、功能性食品的评价方法学、体内过程和研发案例。3)功能性食品的研发与管理,包括国内外法律法规与管理体系,功能性食品研究与评价方法,生产体系,最新研发动态与趋势,市场与消费者分析。
606 0  @a疗效食品@x高等学校@j教材
690    @aTS218@v5
701  0 @a张小莺@9zhang xiao ying@4主编
701  0 @a孙建国@9sun jian guo@4主编
701  0 @a陈启和@9chen qi he@4主编
801  0 @aCN@b91MARC@c20171116
905    @aMuseLib@dTS218@e286=2
    
    功能性食品学/张小莺,孙建国,陈启和主编.-2版.-北京:科学出版社,2017.07
    422页;26cm
    食品科学与工程系列教材 普通高等教育“十三五”规划教材
    
    ISBN 978-7-03-053951-9:CNY48.00
    《功能性食品学》分为三大模块:1)食品源生物活性成分介绍;2)功能性食品各论,即以人体八大系统为纲领,以功能性食品的不同保健功能为节点,阐述功能性食品作用的医学背景、主要功能性元素与来源、功能性食品的评价方法学、体内过程和研发案例。3)功能性食品的研发与管理,包括国内外法律法规与管理体系,功能性食品研究与评价方法,生产体系,最新研发动态与趋势,市场与消费者分析。
●
相关链接 在E读中查询图书 在五车中查询图书 在当当中查询图书 在豆瓣中查询图书


正题名:功能性食品学     索取号:TS218/286=2         预约/预借

序号 登录号 条形码 馆藏地/架位号 状态 备注
1 1123847   211238472   第二样本阅览室/ [索取号:TS218/286=2] 在馆    
2 1123848   211238481   第三借阅区/ [索取号:TS218/286=2] 在馆    
3 1123849   211238490   密集书库-生命科学系/ [索取号:TS218/286=2] 在馆    
唐山师范学院图书馆 欢迎您!
大连网信软件有限公司© 版权所有